Termín prechodu na euro je napätý
Šance Slovenska na prijatie do eurozóny. Riziká a prednosti vstupu Slovenskej republiky do eurozóny treba dôkladne zvážiť. Kumulácia problémov by mala byť ukončená v roku 2007. Neprijatie SR do eurozóny, respektíve odklad vstupu do nej, nemusí byť žiadnou tragédiou - príklad Estónska. Napriek všetký...
Gespeichert in:
| 1. Verfasser: | |
|---|---|
| Format: | Buchkapitel |
| Sprache: | Slowakisch |
| Schlagworte: | |
| Tags: |
Keine Tags, Fügen Sie das erste Tag hinzu!
|
MARC
| LEADER | 00000naa$a2200000$$$4500 | ||
|---|---|---|---|
| 001 | 0052321 | ||
| 005 | 20231016085359.4 | ||
| 041 | 0 | |a slo | |
| 044 | |a SK | ||
| 245 | 1 | 0 | |a Termín prechodu na euro je napätý |c Jaroslav Fidrmuc |
| 520 | |a Šance Slovenska na prijatie do eurozóny. Riziká a prednosti vstupu Slovenskej republiky do eurozóny treba dôkladne zvážiť. Kumulácia problémov by mala byť ukončená v roku 2007. Neprijatie SR do eurozóny, respektíve odklad vstupu do nej, nemusí byť žiadnou tragédiou - príklad Estónska. Napriek všetkým problémom Slovensko má šancu vstúpiť do eurozóny v pôvodne stanovenom termíne. | ||
| 610 | 2 | 0 | |a euro |
| 610 | 2 | 0 | |a euromena |
| 610 | 2 | 0 | |a Slovensko |
| 100 | 1 | |a Fidrmuc, Jaroslav | |